000 00766nam a2200229Ia 4500
999 _c56484
_d56484
001 23597
003 GE_BSU
005 20221114110623.0
008 181216s2013||||en |||||||||||||| ||eng||
020 _a9781592538485x
040 _cGE_BSU
041 _aeng
080 _a721 M-10
100 _aMcMorrough, Julia
_94605
245 4 _aThe Architecture Reference & Specification Book: Everything Architects Need to Know Every Day /
_cJulia McMorrough .
264 _aBeverly:
_bRockport Publishers,
_c2013.
300 _a272 p. :
_bill.;
_c20 cm
653 _aThe Architecture Reference & Specification Book: Everything Architects Need to Know Every Day
653 _aАрхитектура
653 _aარქიტექტურა
942 _cBK
_2udc